| 000 | 00711nam a2200181Ia 4500 | ||
|---|---|---|---|
| 008 | 090124s9999 xx 000 0 und d | ||
| 082 | _b8915 | ||
| 100 | _aनेने हरि नारायण | ||
| 245 | _a संशोधनलेखासंग्रह भाग पहिला | ||
| 250 | _a1 | ||
| 260 |
_bविदर्भ संशोधन मंडळ _c1957 |
||
| 300 | _a210 | ||
| 600 | _aनेने हरि नारायण | ||
| 630 | _a संशोधनलेखासंग्रह भाग पहिला | ||
| 700 | _aनेने हरि नारायण | ||
| 730 | _a संशोधनलेखासंग्रह भाग पहिला | ||
| 942 | _cBOOK | ||
| 999 |
_c86513 _d86513 |
||